=LDR 00000nam 2200000 4500 =001 INLIS000000000025556 =005 20130612124045 =008 ***********************************Ind** =035 ##$$0010-061300000025556 =041 ##$$a Ind =082 ##$$a 419 =090 ##$$a 419, Pur m =100 ##$$a Puryadi, Dedi =245 ##$$a Pemeringkatan makna kata dalam nahasa Indonesia, oleh Dedi Puryadi =260 ##$$a 1997 $b jakarta =300 ##$$a x, 338 hlm, 21 cm =650 ##$$a Bahasa Indonesia-Semantik =850 ##$$a NBPNMAT